00611pab a2200169 454500008004000000100002400040245011500064260000900179300001300188362001000201650003700211650002800248773003400276909001000310999001700320952010400337180718b1997 xxu||||| |||| 00| 0 eng d aJodhka, Surinder S. aCrisis of the 1980s and changing agenda of `Punjab Studies': a survey of some recent research (Review article) c1997 ap.273-79 a8 Feb aPunjab - Politics and government aPolitics and government aEconomic and Political Weekly a33420 c33420d33420 00104070aIIPAbIIPAd2018-07-19hVolume no: 32, Issue no: 6pAR33642r2018-07-19w2018-07-19yAR